[Event "It, Belgrade"]
[Site "Belgrade"]
[Date "1995.??.??"]
[Round "?"]
[White "Kramnik, V."]
[Black "Ivanchuk, V."]
[Result "1/2-1/2"]
[WhiteElo "2730"]
[BlackElo "2740"]
[PlyCount "92"]
[EventDate "1995.??.??"]
[Source "www.chesslib.no"]
[SourceDate "2004.05.04"]

1. Nf3 Nf6 2. c4 g6 3. Nc3 Bg7 4. e4 d6 5. d4 O-O 6. Be2 Na6 7. Nd2 c5 8. d5 e6 9. O-O exd5 10. cxd5 Nc7 11. a4 Nfe8 12. Nc4 f5 13. f3 Qe7 14. Bf4 g5 15. Bg3 f4 16. Bf2 b6 17. Re1 Ba6 18. e5 Bxc4 19. exd6 Nxd6 20. Bxc4 Qd7 21. Ba2 Rae8 22. Qd3 Kh8 23. Rxe8 Rxe8 24. Rd1 Bf6 25. Bb1 Re7 26. h3 Nce8 27. Bc2 Be5 28. Re1 Nf6 29. a5 Bd4 30. Re2 Bxf2+ 31. Kxf2 b5 32. b4 Rxe2+ 33. Qxe2 cxb4 34. Qe5 Nde8 35. Ne4 Qxd5 36. Qe7 Nxe4+ 37. Bxe4 Qd4+ 38. Kf1 Qd1+ 39. Kf2 Qd4+ 40. Kf1 Nf6 41. Qf8+ Ng8 42. Qa8 b3 43. Bd5 Qg7 44. Bxb3 Qa1+ 45. Kf2 Qd4+ 46. Kf1 Qa1+ 1/2-1/2

[Event "GM"]
[Site "?"]
[Date "2005.07.20"]
[Round "4"]
[White "Pelletier Yannick"]
[Black "Bauer Christian"]
[Result "1-0"]
[WhiteElo "2603"]
[BlackElo "2641"]
[PlyCount "97"]
[EventDate "2005.??.??"]
[Source "www.chesslib.no"]
[SourceDate "2004.05.04"]

1. d4 c5 2. d5 Nf6 3. c4 g6 4. Nc3 Bg7 5. e4 d6 6. Nf3 O-O 7. Be2 e6 8. O-O exd5 9. cxd5 Na6 10. Nd2 Ne8 11. Re1 Nac7 12. f4 f5 13. Bf3 Bd4+ 14. Kh1 Nf6 15. exf5 gxf5 16. Nb3 Ng4 17. Bxg4 Bxc3 18. bxc3 fxg4 19. c4 Bf5 20. Bb2 Qd7 21. Qd2 h6 22. Qc3 Kh7 23. Nd2 Rae8 24. a4 h5 25. Nf1 h4 26. Re3 Rxe3 27. Nxe3 Be4 28. f5 Ne8 29. Rf1 Qg7 30. Rf4 Qxc3 31. Bxc3 Bd3 32. Rxg4 Bxf5 33. Rxh4+ Kg6 34. Rf4 Rf7 35. h4 Be6 36. Re4 Bd7 37. Kg1 Nf6 38. Bxf6 Rxf6 39. a5 b5 40. Re7 Rf7 41. Rxf7 Kxf7 42. cxb5 Bxb5 43. Nf5 Bd3 44. Nxd6+ Kf6 45. Kf2 Ke5 46. Ke3 Bf1 47. h5 Bxg2 48. h6 Kf6 49. Nf5 1-0

[Event "12th Sigeman & Co"]
[Site "Malmoe / Copenhagen"]
[Date "2004.05.04"]
[Round "5"]
[White "Hansen, Curt"]
[Black "De Firmian, Nick E"]
[Result "1-0"]
[WhiteElo "2635"]
[BlackElo "2542"]
[PlyCount "91"]
[EventDate "2004.04.30"]
[Source "Roberto Alvarez"]
[SourceDate "2004.05.10"]

1. d4 Nf6 2. c4 c5 3. d5 e6 4. Nc3 exd5 5. cxd5 d6 6. Nf3 g6 7. Nd2 Bg7 8. e4 O-O 9. Be2 Na6 10. O-O Nc7 11. a4 Nd7 12. Nc4 Ne5 13. Ne3 f5 14. f4 Nf7 15. exf5 gxf5 16. Bd3 Nh6 17. Bd2 Bd7 18. Qc2 a6 19. Ne2 b5 20. Ng3 Bd4 21. Kh1 Bxe3 22. Bxe3 Nxd5 23. Bd2 c4 24. Be2 Nf6 25. Rad1 Nfg4 26. h3 Qh4 27. Rf3 Rae8 28. axb5 axb5 29. Kg1 d5 30. Qc3 Qf6 31. Be1 Qb6+ 32. Kh1 Nf6 33. Bf2 Qc6 34. Bd4 Re6 35. Be5 Ne4 36. Nxe4 fxe4 37. Rg3+ Rg6 38. Bh5 b4 39. Bxg6 bxc3 40. Be8+ Ng4 41. Bxd7 Qxd7 42. Rxg4+ Qxg4 43. hxg4 cxb2 44. Bxb2 Rxf4 45. Rxd5 Rf2 46. Rg5+ 1-0

[Event "PA"]
[Site "Philadelphia, PA USA"]
[Date "1988.??.??"]
[Round "?"]
[White "Dlugy, Maxim"]
[Black "Gurevich, Mikhail N"]
[Result "1-0"]
[WhiteElo "2545"]
[BlackElo "2625"]
[PlyCount "64"]
[EventDate "1988.??.??"]
[Source "www.chesslib.no"]
[SourceDate "2004.05.04"]

1. d4 Nf6 2. c4 e6 3. Nf3 c5 4. d5 exd5 5. cxd5 d6 6. Nc3 g6 7. Nd2 Bg7 8. e4 O-O 9. Be2 Ne8 10. O-O Na6 11. Nc4 Nac7 12. a4 f5 13. exf5 Bxf5 14. Bf4 Bd3 15. Bg3 Bxc4 16. Bxc4 Nf6 17. Be2 Qd7 18. Rb1 Rad8 19. b4 Na6 20. Nb5 cxb4 21. Nxd6 Qc7 22. Rc1 Qe7 23. Re1 Rxd6 24. Bxa6 Qd8 25. Bxd6 Qxd6 26. Bc4 Nd7 27. Re6 Qf4 28. d6 Qxf2+ 29. Kh1 Kh8 30. Re7 Nb6 31. d7 Bd4 32. Rf7 Qf1+ 1-0

[Event "Elista (ol)"]
[Site "Elista"]
[Date "1998.??.??"]
[Round "?"]
[White "Beliavsky, Alexander G"]
[Black "Hernandez, Gilberto"]
[Result "1-0"]
[WhiteElo "2645"]
[BlackElo "2520"]
[PlyCount "79"]
[EventDate "1998.??.??"]
[Source "www.chesslib.no"]
[SourceDate "2004.05.04"]

1. d4 Nf6 2. c4 c5 3. d5 e6 4. Nc3 exd5 5. cxd5 d6 6. e4 g6 7. Nf3 Bg7 8. Be2 O-O 9. O-O Bg4 10. Nd2 Bxe2 11. Qxe2 a6 12. a4 Nbd7 13. Nc4 Nb6 14. Ne3 Re8 15. a5 Nbd7 16. Nc4 b5 17. Nxd6 Re7 18. Bf4 Nh5 19. Be3 Bxc3 20. bxc3 Qb8 21. Nf5 Rxe4 22. Nh6+ Kg7 23. d6 Nhf6 24. Qd2 Qe8 25. Rae1 Qe5 26. f3 Rc4 27. Bg5 Qxc3 28. Re7 Rf8 29. Qxc3 Rxc3 30. Ng4 Rd3 31. Bh6+ Kg8 32. Bxf8 Kxf8 33. Nh6 Rxd6 34. Rfe1 Kg7 35. Nxf7 Rd2 36. Ng5+ Kg8 37. R1e6 h6 38. Nf7 c4 39. Nxh6+ Kh8 40. Rxa6 1-0

[Event "Sochi"]
[Site "?"]
[Date "1988.??.??"]
[Round "?"]
[White "Polugaevsky, L."]
[Black "Psakhis, L."]
[Result "0-1"]
[WhiteElo "2590"]
[BlackElo "2560"]
[PlyCount "108"]
[EventDate "1988.??.??"]
[Source "ChessBase"]
[SourceDate "1988.07.01"]

1. d4 e6 2. c4 Nf6 3. Nf3 c5 4. d5 d6 5. Nc3 exd5 6. cxd5 g6 7. Nd2 Bg7 8. e4 O-O 9. Be2 Na6 10. O-O Nc7 11. a4 b6 12. Nc4 Ba6 13. f3 Rb8 14. Bd2 Bxc4 15. Bxc4 Nd7 16. Rb1 a6 17. Qe2 Qc8 18. f4 Re8 19. e5 dxe5 20. f5 b5 21. axb5 axb5 22. Nxb5 Nxb5 23. Bxb5 e4 24. Be3 Bd4 25. Bc6 Rb4 26. Kh1 Re5 27. fxg6 hxg6 28. Bf4 Rf5 29. g4 Rf6 30. Qxe4 Bxb2 31. Qc2 Rfxf4 32. Rxf4 Rxf4 33. Qxb2 Rb4 34. Qa1 Rxb1+ 35. Qxb1 Ne5 36. Qe4 Nxg4 37. Qf4 Kg7 38. h3 Nf6 39. Kg2 Qa6 40. Qe5 c4 41. Qd4 Qa2+ 42. Kf1 Qb3 43. d6 c3 44. Ba4 Qb1+ 45. Qd1 Qf5+ 46. Kg2 Qe4+ 47. Kf2 Qf4+ 48. Kg2 Qg5+ 49. Kf3 Qh5+ 50. Kg2 Qg5+ 51. Kf3 Qe5 52. Qd3 Qh2 53. d7 c2 54. Qxc2 Qxh3+ 0-1

[Event "BL 0607 Hamburger SK - SV Wattenscheid"]
[Site "Germania"]
[Date "2007.02.24"]
[Round "10.2"]
[White "Ftacnik, Lubomir"]
[Black "Rustemov, Alexander"]
[Result "1-0"]
[WhiteElo "2580"]
[BlackElo "2552"]
[PlyCount "67"]
[EventDate "2006.10.28"]
[Source "www.chesslib.no"]
[SourceDate "2004.05.04"]

1. d4 e6 2. c4 c5 3. d5 exd5 4. cxd5 g6 5. Nc3 d6 6. Nf3 Bg7 7. Nd2 Nf6 8. e4 O-O 9. Be2 Na6 10. O-O Nc7 11. a4 Nfe8 12. Nc4 f5 13. exf5 Bxf5 14. Bf4 b6 15. Qd2 Rb8 16. Bf3 Qf6 17. Ne2 a6 18. Rfe1 Qd8 19. Ng3 Rf7 20. Nxf5 Rxf5 21. Bg4 Rf8 22. Be6+ Kh8 23. Ra3 b5 24. axb5 axb5 25. Na5 b4 26. Nc6 bxa3 27. Nxd8 axb2 28. Rb1 Rxd8 29. Rxb2 Nf6 30. Rb7 Ne4 31. Qe3 Nxf2 32. Rxc7 Nd1 33. Bh6 Ba1 34. Qd2 1-0

[Event "Bern Open"]
[Site "Bern SUI"]
[Date "1994.??.??"]
[Round "8"]
[White "Lerner, Konstantin Z"]
[Black "Arbakov, Valentin"]
[Result "1-0"]
[WhiteElo "2555"]
[BlackElo "2575"]
[PlyCount "83"]
[EventDate "1994.02.??"]
[Source "www.chesslib.no"]
[SourceDate "2004.05.04"]

1. d4 Nf6 2. Nf3 e6 3. c4 c5 4. d5 exd5 5. cxd5 d6 6. Nc3 g6 7. Nd2 Bg7 8. e4 O-O 9. Be2 Ne8 10. O-O Nd7 11. Nc4 Ne5 12. Ne3 f5 13. f4 Nf7 14. exf5 gxf5 15. Bd3 Nh6 16. Qc2 a6 17. a4 b6 18. Bd2 Rb8 19. Rab1 Bd4 20. Kh1 Qe7 21. Rbe1 Qf7 22. Rf3 Ng7 23. Rh3 Bxe3 24. Rxh6 Bd4 25. Ne2 Bf6 26. Bc3 Bxc3 27. Nxc3 Re8 28. Qf2 Bb7 29. Rc1 Qe7 30. g4 Bc8 31. Rg1 Qe3 32. Qxe3 Rxe3 33. Rg3 Re1+ 34. Kg2 fxg4 35. Bxh7+ Kf7 36. Kf2 Rh1 37. Bg6+ Kg8 38. Ne4 Nf5 39. Rh7 Rb7 40. Nf6+ Kf8 41. Bxf5 Rxh7 42. Nxh7+ 1-0

[Event "6th Wichern Open, Hamburg GER"]
[Site "?"]
[Date "2001.??.??"]
[Round "8"]
[White "Bischoff, K."]
[Black "Kotsur, P."]
[Result "1/2-1/2"]
[WhiteElo "2540"]
[BlackElo "2570"]
[PlyCount "33"]
[EventDate "2001.??.??"]
[Source "www.chesslib.no"]
[SourceDate "2004.05.04"]

1. d4 e6 2. Nf3 c5 3. c4 Nf6 4. d5 exd5 5. cxd5 d6 6. Nc3 g6 7. Nd2 Bg7 8. e4 O-O 9. Be2 Na6 10. O-O Nc7 11. a4 Nfe8 12. Nc4 f5 13. exf5 Bxf5 14. Bf4 Bd3 15. Bg3 Bxc4 16. Bxc4 Nf6 17. Be2 1/2-1/2

[Event "cr Finjub-30"]
[Site "?"]
[Date "1991.??.??"]
[Round "?"]
[White "Meleghegyi, C."]
[Black "Breazu, M."]
[Result "1-0"]
[WhiteElo "2605"]
[BlackElo "2500"]
[PlyCount "59"]
[EventDate "1991.??.??"]
[Source "www.chesslib.no"]
[SourceDate "2004.05.04"]

1. d4 Nf6 2. c4 e6 3. Nf3 c5 4. d5 exd5 5. cxd5 d6 6. Nc3 g6 7. e4 Bg7 8. Be2 O-O 9. O-O Bg4 10. Bg5 Bxf3 11. Bxf3 h6 12. Bh4 a6 13. a4 Qe7 14. Qc2 Re8 15. Rae1 Nbd7 16. Be2 Nf8 17. f4 Qc7 18. e5 dxe5 19. Bxf6 Bxf6 20. f5 g5 21. Ne4 Nd7 22. Bc4 Kg7 23. d6 Qb6 24. Qe2 Rf8 25. Qh5 Qd8 26. Be6 fxe6 27. Qg6+ Kh8 28. Qxh6+ Kg8 29. Qg6+ Bg7 30. Nxg5 1-0

[Event "2nd IECC, Ohrid MKD"]
[Site "?"]
[Date "2001.??.??"]
[Round "9"]
[White "Ionov, S."]
[Black "Degraeve, JM."]
[Result "1-0"]
[WhiteElo "2505"]
[BlackElo "2585"]
[PlyCount "81"]
[EventDate "2001.??.??"]
[Source "www.chesslib.no"]
[SourceDate "2004.05.04"]

1. d4 Nf6 2. c4 c5 3. d5 e6 4. Nc3 exd5 5. cxd5 d6 6. Nf3 g6 7. Nd2 Bg7 8. e4 O-O 9. Be2 Na6 10. O-O Ne8 11. Nc4 f5 12. exf5 Bxf5 13. Be3 Rb8 14. a4 Nb4 15. Rc1 Qe7 16. Qd2 Qf7 17. Rfd1 Rd8 18. Bg5 Bf6 19. Bh6 Ng7 20. Nb5 Be7 21. Be3 a6 22. Nbxd6 Rxd6 23. Nxd6 Bxd6 24. Bxc5 Bxc5 25. Rxc5 b6 26. Rc4 a5 27. Rf4 Qd7 28. d6 Qxa4 29. Bc4+ Kh8 30. g4 g5 31. Rxf5 Nxf5 32. gxf5 Qd7 33. Qc3+ Qg7 34. f6 Qh6 35. d7 Nc6 36. Rd6 Nd8 37. Rxb6 Qg6 38. f7+ Qg7 39. Ra6 Qxc3 40. bxc3 Kg7 41. Rxa5 1-0

[Event "Sibenik"]
[Site "?"]
[Date "1990.??.??"]
[Round "?"]
[White "Ruban, V."]
[Black "Romanishin, O."]
[Result "1/2-1/2"]
[WhiteElo "2555"]
[BlackElo "2535"]
[PlyCount "112"]
[EventDate "1990.??.??"]
[Source "ChessBase"]
[SourceDate "1990.07.01"]

1. d4 Nf6 2. c4 e6 3. Nf3 c5 4. d5 d6 5. Nc3 exd5 6. cxd5 g6 7. e4 Bg7 8. Be2 O-O 9. O-O Bg4 10. Bf4 Re8 11. Nd2 Bxe2 12. Qxe2 Nh5 13. Be3 Na6 14. a3 Nc7 15. Rac1 Qd7 16. b4 b6 17. Qd3 Rab8 18. Rb1 a6 19. f3 Nb5 20. Ne2 f5 21. a4 Nc7 22. a5 bxa5 23. bxc5 dxc5 24. Bxc5 Nb5 25. Nc4 a4 26. Nb6 fxe4 27. fxe4 Qg4 28. Rb4 a3 29. Ra4 a2 30. e5 Qg5 31. Rxa6 Bxe5 32. Rxa2 Nd6 33. Bxd6 Bxd6 34. Nc4 Bc5+ 35. Kh1 Rbd8 36. d6 Nf6 37. Nc3 Bb4 38. Rb2 Bxc3 39. Qxc3 Ne4 40. Qd4 Rf8 41. Rbb1 Rxf1+ 42. Rxf1 Rf8 43. Rxf8+ Kxf8 44. g3 Qf6 45. Qxf6+ Nxf6 46. Kg2 Kf7 47. Kf3 Ke6 48. Kf4 h6 49. g4 g5+ 50. Kf3 Kd5 51. Ne3+ Ke5 52. h3 Nd7 53. Ke2 Kxd6 54. Nf5+ Ke5 55. Nxh6 Kf4 56. Nf5 Ne5 1/2-1/2

[Event "It (Women), Groningen NED"]
[Site "Groningen"]
[Date "1998.08.16"]
[Round "2"]
[White "Haverkort, Koen"]
[Black "Yepes Martinez, Eduard"]
[Result "1/2-1/2"]
[WhiteElo "2610"]
[BlackElo "2475"]
[PlyCount "47"]
[EventDate "1998.??.??"]
[Source "www.chesslib.no"]
[SourceDate "2004.05.04"]

1. d4 Nf6 2. Nf3 e6 3. c4 c5 4. d5 d6 5. Nc3 exd5 6. cxd5 g6 7. Nd2 Bg7 8. e4 O-O 9. Be2 Ne8 10. O-O f5 11. exf5 Bxf5 12. Nc4 Na6 13. Bf4 b5 14. Ne3 Bd7 15. Bg3 c4 16. a4 b4 17. Na2 Bxb2 18. Rb1 Bg7 19. Nxc4 Nc5 20. Nxb4 Nxa4 21. Na2 Nc5 22. f3 a5 23. Nb6 Bf5 24. Nxa8 1/2-1/2

[Event "Andorra Open"]
[Site "Andorra"]
[Date "1993.??.??"]
[Round "8"]
[White "Lalic, Bogdan"]
[Black "Spraggett, Kevin B"]
[Result "1/2-1/2"]
[WhiteElo "2520"]
[BlackElo "2555"]
[PlyCount "48"]
[EventDate "1993.06.??"]
[Source "www.chesslib.no"]
[SourceDate "2004.05.04"]

1. d4 Nf6 2. c4 e6 3. Nf3 c5 4. d5 d6 5. Nc3 exd5 6. cxd5 g6 7. Nd2 Bg7 8. e4 O-O 9. Be2 Na6 10. O-O Nc7 11. a4 b6 12. Nc4 Ba6 13. Bg5 Rb8 14. b3 Re8 15. Qc2 Qd7 16. Rae1 b5 17. axb5 Nxb5 18. Nxb5 Nxe4 19. Nbxd6 Nxd6 20. Bf4 Bxc4 21. bxc4 Bd4 22. Qd2 Kg7 23. g3 h5 24. Bxd6 Qxd6 1/2-1/2

[Event "Szirak"]
[Site "Szirak"]
[Date "1986.??.??"]
[Round "?"]
[White "Ftacnik, Lubomir"]
[Black "Romanishin, Oleg M"]
[Result "1/2-1/2"]
[WhiteElo "2515"]
[BlackElo "2560"]
[PlyCount "41"]
[EventDate "1986.09.??"]
[Source "www.chesslib.no"]
[SourceDate "2004.05.04"]

1. d4 Nf6 2. c4 e6 3. Nf3 c5 4. d5 exd5 5. cxd5 d6 6. Nc3 g6 7. Nd2 Bg7 8. e4 O-O 9. Be2 Ne8 10. O-O f5 11. exf5 Bxf5 12. Nc4 Na6 13. Be3 Nac7 14. a4 Qe7 15. Qd2 Qf7 16. Rad1 Rd8 17. Bg5 Bf6 18. Bh6 Bg7 19. Bg5 Bf6 20. Bh6 Bg7 21. Bg5 1/2-1/2

[Event "4th It"]
[Site "Montreal"]
[Date "2003.08.01"]
[Round "9"]
[White "Lugovoi, Aleksei"]
[Black "Vera, Reynaldo"]
[Result "1-0"]
[WhiteElo "2566"]
[BlackElo "2509"]
[PlyCount "159"]
[EventDate "2003.07.23"]
[Source "Roberto Alvarez"]
[SourceDate "2003.07.28"]

1. d4 Nf6 2. c4 c5 3. d5 e6 4. Nc3 exd5 5. cxd5 d6 6. Nf3 g6 7. Nd2 Bg7 8. e4 O-O 9. Be2 Ne8 10. O-O Na6 11. Nc4 f5 12. exf5 Bxf5 13. Bf4 Bd3 14. Bg3 Bxc4 15. Bxc4 Nac7 16. Ne4 b5 17. Be2 Rb8 18. Rb1 Nf6 19. Bh4 Ncxd5 20. Bxf6 Nxf6 21. Nxd6 a6 22. Qb3+ c4 23. Bxc4+ bxc4 24. Qxc4+ Kh8 25. Nf7+ Rxf7 26. Qxf7 Qd6 27. Qc4 Rf8 28. b4 Nd7 29. Rbd1 Ne5 30. Qc5 Qb8 31. Rd6 Ng4 32. h3 Nf6 33. Re1 Rc8 34. Qb6 Qxb6 35. Rxb6 Nd5 36. Rxa6 Nxb4 37. Rae6 Rf8 38. R1e2 Bd4 39. Kf1 Kg7 40. Rd2 Bc3 41. Rd7+ Rf7 42. Ree7 Rxe7 43. Rxe7+ Kf6 44. Ra7 Bd4 45. Ra8 Nd3 46. Ke2 Nf4+ 47. Kf3 Ne6 48. a4 Ke5 49. a5 Bc5 50. Rc8 h5 51. g3 Kd5 52. a6 Nd4+ 53. Kg2 Nc6 54. f4 Bb6 55. Rg8 Ne7 56. Rb8 Kc6 57. Rb7 Bc5 58. Kf3 Nd5 59. Rb8 Kc7 60. Re8 Kd6 61. Re5 Bb6 62. Rg5 Ne7 63. Ke4 Ba7 64. Rb5 Bf2 65. Rb2 Bg1 66. Rg2 Ba7 67. Rd2+ Ke6 68. Rb2 Nf5 69. g4 hxg4 70. hxg4 Nd6+ 71. Kf3 Nc8 72. Rb7 Kd6 73. Ke4 Bc5 74. Rg7 Ne7 75. f5 gxf5+ 76. gxf5 Nc8 77. Rg6+ Kd7 78. Kd5 Bf2 79. Rg7+ Kd8 80. Ke6 1-0

[Event "Saint John (open I)"]
[Site "?"]
[Date "1988.??.??"]
[Round "?"]
[White "Barlov, D."]
[Black "Suba, M."]
[Result "1/2-1/2"]
[WhiteElo "2520"]
[BlackElo "2550"]
[PlyCount "106"]
[EventDate "1988.??.??"]
[Source "ChessBase"]
[SourceDate "1988.01.01"]

1. d4 Nf6 2. Nf3 e6 3. c4 c5 4. d5 d6 5. Nc3 exd5 6. cxd5 g6 7. Nd2 Bg7 8. e4 O-O 9. Be2 Na6 10. O-O Nc7 11. a4 b6 12. Nc4 Ba6 13. Bf4 Bxc4 14. Bxc4 Re8 15. Re1 a6 16. Qd3 Ng4 17. Qg3 Ne5 18. Bf1 Qd7 19. h3 b5 20. Bd2 Nc4 21. Bxc4 bxc4 22. Bf4 Red8 23. e5 Nxd5 24. Nxd5 dxe5 25. Rad1 exf4 26. Qf3 Kf8 27. Nb6 Qa7 28. Nxa8 Qxa8 29. Rxd8+ Qxd8 30. Qxf4 Bd4 31. Qh6+ Kg8 32. Re2 Qd7 33. a5 Qd8 34. Qc1 Qxa5 35. Qxc4 Kf8 36. b3 Qa1+ 37. Kh2 h5 38. h4 a5 39. g3 Qb1 40. Kg2 Qf5 41. Qc2 Qd5+ 42. f3 Qd6 43. Qe4 Qb8 44. Qd3 Qb4 45. f4 a4 46. bxa4 Qxa4 47. Qf3 Qa1 48. f5 gxf5 49. Qxf5 Qg1+ 50. Kh3 Qh1+ 51. Rh2 Qd1 52. Ra2 Qh1+ 53. Rh2 Qd1 1/2-1/2

[Event "Groningen Open"]
[Site "Groningen NED"]
[Date "1993.??.??"]
[Round "5"]
[White "Shneider, Aleksandr"]
[Black "Berelovich, Aleksandar"]
[Result "1/2-1/2"]
[WhiteElo "2560"]
[BlackElo "2510"]
[PlyCount "55"]
[EventDate "1993.12.??"]
[Source "www.chesslib.no"]
[SourceDate "2004.05.04"]

1. d4 Nf6 2. c4 e6 3. Nf3 c5 4. d5 exd5 5. cxd5 d6 6. Nc3 g6 7. Nd2 Bg7 8. e4 O-O 9. Be2 Ne8 10. O-O Na6 11. Kh1 f5 12. exf5 Bxf5 13. g4 Bd7 14. Nde4 Qa5 15. f4 c4 16. Ng5 Nc5 17. Be3 Nd3 18. Bxd3 cxd3 19. Qxd3 Bxg4 20. Ne6 Bf5 21. Qd2 Bxc3 22. bxc3 Rf7 23. Qd4 Rc8 24. c4 Qa4 25. Rac1 b5 26. cxb5 Qxb5 27. Kg1 Rxc1 28. Rxc1 1/2-1/2

[Event "BL 0607 SG Köln Porz - SV Wattenscheid"]
[Site "Germania"]
[Date "2007.03.31"]
[Round "14.6"]
[White "Sakaev, Konstantin"]
[Black "Dinstuhl, Volkmar Dr"]
[Result "1-0"]
[WhiteElo "2641"]
[BlackElo "2426"]
[PlyCount "73"]
[EventDate "2006.10.28"]
[Source "www.chesslib.no"]
[SourceDate "2004.05.04"]

1. d4 Nf6 2. c4 e6 3. Nf3 c5 4. d5 exd5 5. cxd5 d6 6. Nc3 g6 7. Nd2 Bg7 8. e4 O-O 9. Be2 Na6 10. O-O Nc7 11. Qc2 Re8 12. a3 Rb8 13. Rb1 b5 14. b4 c4 15. Bb2 Bd7 16. Bf3 Ng4 17. Bxg4 Bxg4 18. f3 Bd7 19. Nd1 f5 20. Bxg7 Kxg7 21. Qc3+ Qf6 22. Qxf6+ Kxf6 23. Nc3 Kg7 24. Kf2 Re7 25. Ke3 fxe4 26. fxe4 Ne8 27. Kd4 Nf6 28. h3 Be8 29. a4 a6 30. axb5 axb5 31. Ra1 Rb6 32. Ra8 g5 33. Rfa1 g4 34. R1a6 Reb7 35. Rxb6 Rxb6 36. hxg4 Kg6 37. Nf3 1-0

[Event "Altensteig"]
[Site "?"]
[Date "1987.??.??"]
[Round "?"]
[White "Ftacnik, L."]
[Black "Kindermann, S."]
[Result "1-0"]
[WhiteElo "2545"]
[BlackElo "2520"]
[PlyCount "85"]
[EventDate "1987.??.??"]
[Source "ChessBase"]
[SourceDate "1987.07.01"]

1. d4 Nf6 2. Nf3 e6 3. c4 c5 4. d5 exd5 5. cxd5 d6 6. Nc3 g6 7. Nd2 Bg7 8. e4 O-O 9. Be2 Ne8 10. O-O f5 11. exf5 Bxf5 12. Nc4 Na6 13. Bf4 Nac7 14. a4 g5 15. Bg3 Bd4 16. Ne3 Bg6 17. Bd3 Bxd3 18. Qxd3 Ng7 19. Ne4 Nce8 20. Nc2 Bf6 21. Rae1 Nh5 22. Nxf6+ Rxf6 23. Re4 Neg7 24. b4 b6 25. Rfe1 Qf8 26. Qd2 h6 27. Ne3 Nf5 28. Nxf5 Rxf5 29. Re7 Nxg3 30. hxg3 Rf7 31. R7e6 Rf6 32. Rxf6 Qxf6 33. Re6 Qa1+ 34. Kh2 Rf8 35. Rg6+ Kh7 36. Rxd6 Qe5 37. bxc5 bxc5 38. Rd7+ Kg8 39. Rxa7 Rf7 40. Ra6 Kg7 41. Re6 Qf5 42. Qc3+ Kh7 43. Qxc5 1-0

[Event "olm"]
[Site "olm Buenos Aires"]
[Date "1978.??.??"]
[Round "?"]
[White "Polugaevsky, Lev A"]
[Black "Vilela, Jose Luis"]
[Result "1-0"]
[WhiteElo "2620"]
[BlackElo "2435"]
[PlyCount "60"]
[EventDate "1978.??.??"]
[Source "www.chesslib.no"]
[SourceDate "2004.05.04"]

1. c4 c5 2. Nf3 Nf6 3. d4 e6 4. d5 exd5 5. cxd5 d6 6. Nc3 g6 7. e4 Bg7 8. Be2 O-O 9. O-O Bg4 10. h3 Bxf3 11. Bxf3 a6 12. Bf4 Ne8 13. a4 Nd7 14. Be2 Qe7 15. Qc2 Nc7 16. Rfe1 Rab8 17. Bf1 Rfe8 18. Qd2 Bd4 19. Kh1 Qf8 20. Bh6 Bg7 21. Bxg7 Qxg7 22. f4 Na8 23. Rad1 Rbd8 24. Qf2 Nab6 25. Be2 Kh8 26. a5 Na8 27. Bh5 Nc7 28. Be2 Nf8 29. Bd3 Rc8 30. Qd4 Qf6 1-0

[Event "ADCF Masters, Abu Dhabi UAE"]
[Site "?"]
[Date "2001.??.??"]
[Round "7"]
[White "Bagirov, R."]
[Black "Kotsur, P."]
[Result "1/2-1/2"]
[WhiteElo "2455"]
[BlackElo "2600"]
[PlyCount "61"]
[EventDate "2001.??.??"]
[Source "www.chesslib.no"]
[SourceDate "2004.05.04"]

1. d4 Nf6 2. c4 e6 3. Nf3 c5 4. d5 exd5 5. cxd5 d6 6. Nc3 g6 7. Nd2 Bg7 8. e4 O-O 9. Be2 Na6 10. O-O Nc7 11. a4 Nfe8 12. Nc4 f5 13. exf5 Bxf5 14. Bf3 Na6 15. Ne4 Bxe4 16. Bxe4 Qh4 17. f4 Bd4+ 18. Kh1 Ng7 19. g3 Qf6 20. Bd2 Rae8 21. Qc2 Nb4 22. Bxb4 cxb4 23. Rae1 Re7 24. Bg2 Rfe8 25. Re4 Rxe4 26. Bxe4 Bc5 27. Qd3 Nf5 28. g4 Qe7 29. Bxf5 gxf5 30. Qxf5 Qe2 31. Qg5+ 1/2-1/2

[Event "Lviv UKR"]
[Site "Lvov UKR"]
[Date "1987.??.??"]
[Round "5"]
[White "Novikov, Igor A"]
[Black "Romanishin, Oleg M"]
[Result "0-1"]
[WhiteElo "2480"]
[BlackElo "2570"]
[PlyCount "72"]
[EventDate "1987.??.??"]
[Source "www.chesslib.no"]
[SourceDate "2004.05.04"]

1. d4 Nf6 2. c4 e6 3. Nf3 c5 4. d5 exd5 5. cxd5 d6 6. Nc3 g6 7. Nd2 Bg7 8. e4 O-O 9. Be2 Ne8 10. O-O f5 11. exf5 Bxf5 12. Nc4 Na6 13. Bf4 Nac7 14. a4 Bd3 15. Bg3 Bxc4 16. Bxc4 Nf6 17. Qd3 Nh5 18. Rae1 Kh8 19. b3 a6 20. Ne4 Nxg3 21. Qxg3 b5 22. axb5 axb5 23. Bd3 Nxd5 24. Qxd6 Nc3 25. Qg3 Nxe4 26. Rxe4 c4 27. Bb1 c3 28. Rh4 Ra6 29. Qh3 h5 30. Bd3 Rd6 31. Bxb5 c2 32. Rc4 Qb6 33. Qg3 Rd2 34. Bc6 Rfxf2 35. Qxf2 Rxf2 36. Rxf2 Qe3 0-1

[Event "Elista ol (Men)"]
[Site "Elista"]
[Date "1998.10.05"]
[Round "7"]
[White "Vera, Reynaldo"]
[Black "Kotsur, Pavel"]
[Result "1/2-1/2"]
[WhiteElo "2530"]
[BlackElo "2515"]
[PlyCount "73"]
[EventDate "1998.09.29"]
[Source "ChessBase"]
[SourceDate "1998.11.06"]

1. d4 c5 2. d5 Nf6 3. c4 e6 4. Nc3 exd5 5. cxd5 d6 6. e4 g6 7. Nf3 Bg7 8. Nd2 O-O 9. Be2 b6 10. O-O Ba6 11. Re1 Re8 12. Bxa6 Nxa6 13. Nc4 b5 14. Nxb5 Rxe4 15. Rxe4 Nxe4 16. Bf4 Qd7 17. Nbxd6 Nxd6 18. Bxd6 Bxb2 19. Nxb2 Qxd6 20. Nc4 Qf4 21. Rc1 Rd8 22. Ne3 Rd6 23. a3 h5 24. g3 Qe4 25. h4 Rd8 26. Rc4 Qe7 27. Qc2 Qf6 28. Kg2 Rb8 29. Qd3 Rd8 30. Qd2 Qd6 31. Qc3 Re8 32. Kh2 Rc8 33. Qa5 Rb8 34. Rf4 Rb1 35. Qa4 Kg7 36. Qe8 Rb7 37. Ra4 1/2-1/2

[Event "SPICE Cup"]
[Site "Lubbock USA"]
[Date "2007.11.15"]
[Round "8"]
[White "Hera, I."]
[Black "Leon Hoyos, M."]
[Result "1/2-1/2"]
[WhiteElo "2544"]
[BlackElo "2495"]
[PlyCount "43"]
[EventDate "2007.11.09"]
[Source "www.chesslib.no"]
[SourceDate "2004.05.04"]

1. d4 Nf6 2. Nf3 e6 3. c4 c5 4. d5 d6 5. Nc3 exd5 6. cxd5 g6 7. Nd2 Bg7 8. e4 O-O 9. Be2 Na6 10. O-O Nc7 11. f3 Nfe8 12. Nc4 f5 13. Bf4 b5 14. Na5 b4 15. Nc6 Qd7 16. Na4 Nf6 17. Bxd6 Qxd6 18. e5 Qd7 19. Nxc5 Qe8 20. exf6 Qe3+ 21. Kh1 Bxf6 22. Qc2 1/2-1/2

[Event "20th Open"]
[Site "Cappelle la Grande"]
[Date "2004.03.06"]
[Round "9"]
[White "Gyimesi, Zoltan"]
[Black "Wojtaszek, Radoslaw"]
[Result "1-0"]
[WhiteElo "2553"]
[BlackElo "2480"]
[PlyCount "77"]
[EventDate "2004.02.28"]
[Source "Roberto Alvarez"]
[SourceDate "2004.03.08"]

1. d4 Nf6 2. c4 c5 3. d5 e6 4. Nc3 exd5 5. cxd5 d6 6. Nf3 g6 7. Nd2 Bg7 8. e4 O-O 9. Be2 Ne8 10. O-O f5 11. exf5 Bxf5 12. Nde4 Na6 13. Bg5 Qd7 14. Qd2 Nac7 15. a4 a6 16. Ng3 Nf6 17. Rfe1 Rae8 18. h3 Kh8 19. Bf3 Kg8 20. Bf4 Rxe1+ 21. Rxe1 Nfe8 22. Nce4 Bxe4 23. Nxe4 Bd4 24. Bg3 Nxd5 25. Bg4 Qc6 26. Ng5 Ndc7 27. b4 Bf6 28. Ne4 Bd4 29. Bf3 Qxa4 30. Nxd6 Qxb4 31. Qa2+ Kh8 32. Re7 c4 33. Qe2 Bf6 34. Rxe8 Nxe8 35. Nxe8 c3 36. Nxf6 Rxf6 37. Be5 Kg7 38. Qd3 Kf7 39. Bxc3 1-0

[Event "Moscow RUS"]
[Site "?"]
[Date "2006.02.04"]
[Round "7"]
[White "Khismatullin Denis"]
[Black "Sergienko Sergey"]
[Result "1-0"]
[WhiteElo "2576"]
[BlackElo "2450"]
[PlyCount "67"]
[EventDate "2006.??.??"]
[Source "www.chesslib.no"]
[SourceDate "2004.05.04"]

1. d4 Nf6 2. Nf3 c5 3. d5 e6 4. c4 exd5 5. cxd5 d6 6. Nc3 g6 7. e4 Bg7 8. Be2 O-O 9. O-O Bg4 10. h3 Bxf3 11. Bxf3 Nbd7 12. Re1 a6 13. a4 Rb8 14. a5 Ne8 15. Qc2 Nc7 16. Be2 Qe7 17. Bf1 Rfe8 18. Bd2 Be5 19. Rab1 Qf6 20. Ne2 Qd8 21. f4 Bg7 22. Nc3 Bd4+ 23. Kh2 Nf6 24. g3 b5 25. Bg2 Nd7 26. b4 Rc8 27. bxc5 Bxc5 28. Qd3 b4 29. Na2 Nb5 30. Nxb4 Bxb4 31. Bxb4 Nc5 32. Qd2 Qf6 33. Rec1 Na4 34. Rc6 1-0